Gender in the Work Place : A Case Study Approach (Record no. 3152)

MARC details
000 -LEADER
fixed length control field 00385nam a22001457a 4500
008 - FIXED-LENGTH DATA ELEMENTS--GENERAL INFORMATION
fixed length control field 250424b |||||||| |||| 00| 0 eng d
020 ## - INTERNATIONAL STANDARD BOOK NUMBER
ISBN 9781412928175
100 ## - MAIN ENTRY--AUTHOR
Author DELLAT Jaczueline
245 ## - TITLE STATEMENT
Title Gender in the Work Place : A Case Study Approach
250 ## - EDITION STATEMENT
Edition statement 2
260 ## - PUBLICATION, DISTRIBUTION, ETC. (IMPRINT)
Place of publication United Kingdom
Name of publisher Sage Publications.
Date of publication 2007
300 ## - COLLATION
Pagination xxv, 109p.
942 ## - ADDED ENTRY ELEMENTS (KOHA)
Item type Books
050 ## - LIBRARY OF CONGRESS CALL NUMBER
Classification number HD6060
Item number .D45
Holdings
Source of classification or shelving scheme Not for loan Permanent location Current location Date acquired Accession No. Full call number Barcode. Koha item type
Library of Congress Classification   Samuel Ogbemudia Main Library, University of Abuja Samuel Ogbemudia Main Library, University of Abuja 04/24/2025 2008/36736 HD6060.D45 2025-1575 Books